[Event "Malmo"]
[Site "Malmo"]
[Date "1988.??.??"]
[Round "?"]
[White "Hellers, Ferdinand"]
[Black "Wedberg, Tom"]
[Result "1/2-1/2"]
[WhiteElo "2490"]
[BlackElo "2510"]
[PlyCount "138"]
[EventDate "1988.12.??"]
[Source "ChessBase"]

1. e4 e5 2. Nf3 Nc6 3. Bb5 a6 4. Ba4 Nf6 5. O-O Nxe4 6. d4 b5 7. Bb3 d5 8. dxe5 Be6 9. c3 Bc5 10. Nbd2 O-O 11. Bc2 Bf5 12. Nb3 Bg6 13. Nfd4 Bxd4 14. cxd4 a5 15. Be3 a4 16. Nc1 a3 17. bxa3 Rxa3 18. Bb3 Nc3 19. Qd2 b4 20. Nd3 Bxd3 21. Qxd3 Na5 22. Bc2 Qh4 23. Bc1 Rxa2 24. Rxa2 Nxa2 25. Bg5 Qe4 26. Qd2 Nc4 27. Qd1 Nc3 28. Bxe4 Nxd1 29. Bxd5 Nb6 30. Be7 Re8 31. Bc6 Rxe7 32. Rxd1 Re6 33. Be4 g5 34. Rb1 f6 35. Bf5 Rc6 36. exf6 Nd5 37. f3 Rb6 38. Bc2 Nc3 39. Bb3+ Kf8 40. Ra1 Rxf6 41. Kf2 Nb5 42. Ra4 Nxd4 43. Rxb4 Nxb3 44. Rxb3 Ke7 45. g4 h6 46. Rc3 Kd6 47. Rd3+ Kc5 48. Rc3+ Kb6 49. Rb3+ Kc5 50. Rc3+ Kb6 51. Rb3+ Ka5 52. Rc3 c6 53. Rc1 Kb4 54. Rb1+ Kc3 55. Rc1+ Kd3 56. Kg2 Kd2 57. Rc5 Ke3 58. Rc1 Kd2 59. Rc5 Kd3 60. Rc1 Re6 61. f4 gxf4 62. Kf3 Kd4 63. Rd1+ Ke5 64. Re1+ Kf6 65. Rxe6+ Kxe6 66. Kxf4 Kd5 67. h4 c5 68. g5 hxg5+ 69. hxg5 Ke6 1/2-1/2

[Event "Corr"]
[Site "?"]
[Date "1995.??.??"]
[Round "?"]
[White "Casabona Claudio"]
[Black "Baiocchi Giorgio"]
[Result "1/2-1/2"]
[WhiteElo "2550"]
[BlackElo "2445"]
[PlyCount "141"]
[EventDate "1995.??.??"]
[Source "www.chesslib.no"]
[SourceDate "2004.05.04"]

1. e4 e5 2. Nf3 Nc6 3. Bb5 a6 4. Ba4 Nf6 5. O-O Nxe4 6. d4 b5 7. Bb3 d5 8. dxe5 Be6 9. c3 Bc5 10. Nbd2 O-O 11. Bc2 f5 12. Nb3 Ba7 13. Nfd4 Nxd4 14. Nxd4 Bxd4 15. Qxd4 c5 16. Qd1 h6 17. f3 Ng5 18. Be3 Rc8 19. Bf2 a5 20. Qd3 Qd7 21. Rfe1 Rc7 22. Rad1 Kh8 23. Bb1 Rb8 24. Re2 b4 25. Qa6 bxc3 26. bxc3 Qc6 27. Qxc6 Rxc6 28. Bc2 Rc7 29. h4 Nf7 30. Bb3 c4 31. Ba4 f4 32. Rdd2 Nd8 33. Rb2 Rcb7 34. Rxb7 Rxb7 35. g3 fxg3 36. Bxg3 Bf5 37. Kf2 Bd3 38. Rd2 Kg8 39. Ke3 Kf7 40. Kd4 Ke6 41. h5 Rf7 42. f4 Be4 43. Ke3 Kf5 44. Be8 Rf8 45. Bg6+ Kg4 46. Bxe4 dxe4 47. Bh2 Kf5 48. Rd7 Ne6 49. Bg3 Rb8 50. Rf7+ Kg4 51. Re7 Kf5 52. Rf7+ Kg4 53. Bf2 Rb2 54. f5 Ng5 55. Rf8 Nh7 56. Rh8 Ng5 57. e6 Rb7 58. Rf8 Nh7 59. Ra8 Kxf5 60. Rxa5+ Kxe6 61. Kxe4 Rd7 62. Bd4 Nf6+ 63. Kf3 Nd5 64. Rc5 Rf7+ 65. Kg3 Rf5 66. Rxc4 Rg5+ 67. Kf3 Rf5+ 68. Ke4 Rxh5 69. a4 Nf6+ 70. Kd3 Ra5 71. Rc6+ 1/2-1/2

[Event "URS-FL"]
[Site "Tallinn"]
[Date "1983.??.??"]
[Round "?"]
[White "Balashov, Yuri S"]
[Black "Korzubov, Peter"]
[Result "1/2-1/2"]
[WhiteElo "2545"]
[BlackElo "2450"]
[PlyCount "75"]
[EventDate "1983.12.??"]
[Source "ChessBase"]

1. e4 e5 2. Nf3 Nc6 3. Bb5 a6 4. Ba4 Nf6 5. O-O Nxe4 6. d4 b5 7. Bb3 d5 8. dxe5 Be6 9. c3 Bc5 10. Qd3 Bb6 11. Be3 Nc5 12. Bxc5 Bxc5 13. Nbd2 O-O 14. Rfe1 Bb6 15. a4 b4 16. Rad1 a5 17. Nf1 Ne7 18. Bc2 Bf5 19. Qe2 Bg6 20. c4 c6 21. cxd5 cxd5 22. Bb3 Ra7 23. Nd4 Rd7 24. Ne3 Be4 25. e6 Rd6 26. exf7+ Rxf7 27. f3 Bg6 28. Kh1 h5 29. Nb5 Re6 30. Qd2 Bxe3 31. Rxe3 Rxe3 32. Qxe3 Rf6 33. Nd4 Bf7 34. Rc1 Nf5 35. Nxf5 Rxf5 36. Rc5 d4 37. Bxf7+ Kf8 38. Qc1 1/2-1/2

[Event "Capablanca mem-A 13th"]
[Site "Cienfuegos City CUB"]
[Date "1976.06.02"]
[Round "17"]
[White "Sigurjonsson, Gudmundur"]
[Black "Honfi, Karoly"]
[Result "1-0"]
[WhiteElo "2530"]
[BlackElo "2460"]
[PlyCount "73"]
[EventDate "1976.05.17"]
[Source "www.chesslib.no"]
[SourceDate "2004.05.04"]

1. e4 e5 2. Nf3 Nc6 3. Bb5 a6 4. Ba4 Nf6 5. O-O Nxe4 6. d4 b5 7. Bb3 d5 8. dxe5 Be6 9. c3 Bc5 10. Qe2 O-O 11. Be3 Qe7 12. Nbd2 Bxe3 13. Qxe3 Nxd2 14. Qxd2 Rad8 15. Rfe1 Na5 16. Bc2 Nc4 17. Qc1 c5 18. b3 Nb6 19. Ng5 g6 20. f4 d4 21. f5 Bxf5 22. Bxf5 d3 23. Qf4 d2 24. Rf1 gxf5 25. Qxf5 f6 26. Ne6 Nd5 27. Nxf8 Qxf8 28. Qf2 Qh6 29. Rad1 Ne3 30. Rxd2 Rxd2 31. Qxd2 Qxh2+ 32. Kf2 Qf4+ 33. Ke2 Qxf1+ 34. Kxe3 fxe5 35. Qd5+ Qf7 36. Qxe5 c4 37. b4 1-0

[Event "Calcutta"]
[Site "Calcutta"]
[Date "1998.??.??"]
[Round "5"]
[White "Yurtaev, Leonid"]
[Black "Sasikiran, Krishnan"]
[Result "1/2-1/2"]
[WhiteElo "2520"]
[BlackElo "2470"]
[PlyCount "106"]
[EventDate "1998.??.??"]
[Source "www.chesslib.no"]
[SourceDate "2004.05.04"]

1. e4 e5 2. Nf3 Nc6 3. Bb5 a6 4. Ba4 Nf6 5. O-O Nxe4 6. d4 b5 7. Bb3 d5 8. dxe5 Be6 9. c3 Bc5 10. Qd3 O-O 11. Nbd2 f5 12. exf6 Nxf6 13. Re1 Qd7 14. Nf1 Kh8 15. Be3 Bd6 16. Ng3 Rae8 17. Bc2 Bg8 18. a4 Ng4 19. axb5 Nce5 20. Nxe5 Nxe5 21. Qd1 axb5 22. b4 Nc6 23. Ne2 Ne5 24. Bd4 Nc6 25. Bd3 Nxd4 26. Nxd4 c6 27. Qh5 Rxe1+ 28. Rxe1 Bb8 29. Re3 Ba7 30. Qe5 Qg4 31. g3 Bxd4 32. Qxd4 Qxd4 33. cxd4 g6 34. Bc2 Ra8 35. Rc3 Ra6 36. Kf1 Kg7 37. Ke2 Be6 38. Kd2 Kf6 39. Rf3+ Ke7 40. h4 Ra2 41. Kc1 Ra1+ 42. Kb2 Rf1 43. Kc3 Ra1 44. Rf4 Re1 45. Rf3 Ra1 46. Re3 Kf6 47. h5 Bf5 48. Kb2 Rf1 49. Rf3 Kg5 50. hxg6 hxg6 51. Kb3 Kg4 52. Rf4+ Kg5 53. Kb2 Re1 1/2-1/2

[Event "European Club Cup 2002"]
[Site "?"]
[Date "2002.09.24"]
[Round "3"]
[White "Popovic Petar"]
[Black "Mastrovasilis Dimitrios"]
[Result "1/2-1/2"]
[WhiteElo "2525"]
[BlackElo "2462"]
[PlyCount "37"]
[EventDate "2002.??.??"]
[Source "www.chesslib.no"]
[SourceDate "2004.05.04"]

1. e4 e5 2. Nf3 Nc6 3. Bb5 a6 4. Ba4 Nf6 5. O-O Nxe4 6. d4 b5 7. Bb3 d5 8. dxe5 Be6 9. c3 Bc5 10. Nbd2 O-O 11. Bc2 Nxf2 12. Rxf2 f6 13. exf6 Bxf2+ 14. Kxf2 Qxf6 15. Nf1 Ne5 16. Be3 Rae8 17. Bc5 Nxf3 18. gxf3 Rf7 19. Ne3 1/2-1/2

[Event "URS Ch sf"]
[Site "Sevastopol UKR"]
[Date "1986.??.??"]
[Round "?"]
[White "Aseev, Konstantin N"]
[Black "Agzamov, Georgy T"]
[Result "1/2-1/2"]
[WhiteElo "2440"]
[BlackElo "2545"]
[PlyCount "77"]
[EventDate "1986.08.??"]
[Source "www.chesslib.no"]
[SourceDate "2004.05.04"]

1. e4 e5 2. Nf3 Nc6 3. Bb5 a6 4. Ba4 Nf6 5. O-O Nxe4 6. d4 b5 7. Bb3 d5 8. dxe5 Be6 9. c3 Bc5 10. Nbd2 O-O 11. Bc2 Nxf2 12. Rxf2 f6 13. exf6 Bxf2+ 14. Kxf2 Qxf6 15. Kg1 Rae8 16. Nf1 Ne5 17. Be3 Nxf3+ 18. Qxf3 Qxf3 19. gxf3 Rxf3 20. Bf2 Bh3 21. Ng3 g6 22. Re1 Rxe1+ 23. Bxe1 h5 24. Bd1 Rf7 25. Bf2 h4 26. Nf1 c6 27. Nd2 g5 28. b4 Re7 29. Nb3 Kg7 30. Nc5 Bc8 31. Kg2 Kg6 32. h3 Rf7 33. Nd3 Re7 34. Bd4 Bf5 35. Ne5+ Kh6 36. a4 Re6 37. a5 Be4+ 38. Kf2 Bf5 39. Kg2 1/2-1/2